Малогабаритный линейный ускоритель ионов на основе полицилиндрических резонаторов; Атомная энергия; Т. 100, вып. 5

Bibliographic Details
Parent link:Атомная энергия: теоретический и научно-технический журнал/ Российская академия наук ; Министерство РФ по атомной энергии, ядерного общества.— , 1956-.— 0004-7163
Т. 100, вып. 5.— 2006.— с. 402-404
Main Author: Кобец В. В.
Other Authors: Сидорин А. О.
Language:Russian
Published: 2006
Series:Научно-технические сообщения
Subjects:
Format: Book Chapter
KOHA link:https://koha.lib.tpu.ru/cgi-bin/koha/opac-detail.pl?biblionumber=426408

MARC

LEADER 00000naa2a2200000 4500
001 426408
005 20231101074522.0
035 |a (RuTPU)RU\TPU\prd\85153 
035 |a RU\TPU\prd\45119 
090 |a 426408 
100 |a 20100705a2006 k y0rusy50 ca 
101 0 |a rus 
102 |a RU 
200 1 |a Малогабаритный линейный ускоритель ионов на основе полицилиндрических резонаторов  |f В. В. Кобец, А. О. Сидорин 
225 1 |a Научно-технические сообщения 
320 |a Библиогр.: 3 назв. 
461 0 |0 (RuTPU)RU\TPU\prd\33  |x 0004-7163  |t Атомная энергия  |o теоретический и научно-технический журнал  |f Российская академия наук ; Министерство РФ по атомной энергии, ядерного общества  |d 1956- 
463 0 |0 (RuTPU)RU\TPU\prd\85142  |t Т. 100, вып. 5  |v с. 402-404  |d 2006 
610 1 |a малогабаритные ускорители 
610 1 |a линейные ускорители 
610 1 |a ионы 
610 1 |a полицилиндрические резонаторы 
610 1 |a энергия 
610 1 |a сильноточные электронные пучки 
675 |a 537.533.33  |v 3 
675 |a 621.384.60-833  |v 3 
700 1 |a Кобец  |b В. В. 
701 1 |a Сидорин  |b А. О. 
801 1 |a RU  |b 63413507  |c 20060824  |g PSBO 
801 2 |a RU  |b 63413507  |c 20100705  |g RCR 
942 |c BK